<?xml version="1.0" encoding="UTF-8"?>
<record
    xmlns:xsi="http://www.w3.org/2001/XMLSchema-instance"
    xsi:schemaLocation="http://www.loc.gov/MARC21/slim http://www.loc.gov/standards/marcxml/schema/MARC21slim.xsd"
    xmlns="http://www.loc.gov/MARC21/slim">

  <leader>00596nam a22001937a 4500</leader>
  <controlfield tag="003">LK-CoDNM</controlfield>
  <controlfield tag="005">20241226125051.0</controlfield>
  <controlfield tag="008">240905b        |||||||| |||| 00| 0 eng </controlfield>
  <datafield tag="040" ind1=" " ind2=" ">
    <subfield code="a">LK-CoDNM</subfield>
    <subfield code="d">LK-CoDNM</subfield>
    <subfield code="e">LK-CoDNM</subfield>
  </datafield>
  <datafield tag="041" ind1=" " ind2=" ">
    <subfield code="a">sin</subfield>
  </datafield>
  <datafield tag="080" ind1=" " ind2=" ">
    <subfield code="a">RC</subfield>
    <subfield code="b">125</subfield>
  </datafield>
  <datafield tag="100" ind1=" " ind2=" ">
    <subfield code="a">&#xDC0;&#xDD2;&#xDA2;&#xDBA; &#xDB8;&#xDD4;&#xDAB;&#xDD2;&#xDC0;&#xDD2;&#xDB8;&#xDBD;&#xDB0;&#xDBB;&#xDCA;&#xDB8; </subfield>
  </datafield>
  <datafield tag="245" ind1=" " ind2=" ">
    <subfield code="a">&#xD9A;&#xDC0;&#xDD2;&#xDB8;&#xDCA;&#xDAB;&#xDD2;&#xDAF;&#xDB8;</subfield>
  </datafield>
  <datafield tag="260" ind1=" " ind2=" ">
    <subfield code="a">&#xDBB;&#xDB1;&#xDCA;&#xDAF;&#xDDC;&#xDB9;&#xDDA; &#xDC0;&#xDCA;&#xDAF; &#xDCA;&#x200D;&#xDBA;&#xDB4;&#xDD3;&#xDAB; &#xDBA;&#xDB1;&#xDCA;&#xDAD;&#xDCA;&#x200D;&#xDBB;&#xDBD;&#xDBA;</subfield>
    <subfield code="c">1910</subfield>
  </datafield>
  <datafield tag="300" ind1=" " ind2=" ">
    <subfield code="a">36p, ;     20  cm</subfield>
  </datafield>
  <datafield tag="500" ind1=" " ind2=" ">
    <subfield code="a">Hand Wittenbook</subfield>
  </datafield>
  <datafield tag="650" ind1=" " ind2=" ">
    <subfield code="a">&#xDB4;&#xDD4;&#xDBB;&#xDCF;&#xDAD;&#xDAB; &#xD9C;&#xDAF;&#xDCA;&#x200D;&#xDBA;</subfield>
  </datafield>
  <datafield tag="942" ind1=" " ind2=" ">
    <subfield code="c">BK</subfield>
  </datafield>
  <datafield tag="952" ind1=" " ind2=" ">
    <subfield code="0">0</subfield>
    <subfield code="1">0</subfield>
    <subfield code="4">1</subfield>
    <subfield code="7">0</subfield>
    <subfield code="8">RBC</subfield>
    <subfield code="a">MAIN</subfield>
    <subfield code="b">MAIN</subfield>
    <subfield code="c">REF</subfield>
    <subfield code="d">2024-12-26</subfield>
    <subfield code="l">0</subfield>
    <subfield code="o">RC 125</subfield>
    <subfield code="p">RC0116</subfield>
    <subfield code="r">2024-12-26</subfield>
    <subfield code="w">2024-12-26</subfield>
    <subfield code="y">BK</subfield>
  </datafield>
  <datafield tag="999" ind1=" " ind2=" ">
    <subfield code="c">234230</subfield>
    <subfield code="d">234230</subfield>
  </datafield>
</record>
